000
00272nam a22001097a 4500
008
240530b |||||||| |||| 00| 0 eng d
100
_a
Dipchand, Tilokchand
_9
14881
245
_a
Te Nanda Natak
260
_a
Ajmer:
_b
Sindh Publishing;
_c
1954.
300
_a
19p.
942
_c
BK
999
_c
38359
_d
38359